Pixar Decoder - Statistics

General Stats
  • This quiz has been taken 53 times
  • The average score is 12 of 21
Answer Stats
Hint Answer % Correct
M Racecar: Lightning ________ McQueen
93%
O Color of Anxiety in Inside Out 2 Orange
85%
R Rat who pulls Linguini's hair strings Remy
83%
T ______ Red Turning
83%
A Main kid of the Toy Story trilogy Andy
80%
E Robot WALL-E has a crush on EVE
78%
S Country that Brave is set in Scotland
76%
Y Creature in Monsters Inc. also known as the Abominable Snowman Yeti
73%
E Fashion designer for superheroes Edna
63%
E Alias of Helen Parr Elastigirl
61%
O Movie about two elf brothers Onward
59%
H Musician who helps Miguel through the Land of the Dead Héctor
56%
B Name of Woody's horse Bullseye
54%
K Name of the tropical bird in Up Kevin
41%
S Daycare controlled by Lotso Sunnyside
41%
T Toy animal voiced by Wallace Shawn T-rex
39%
N "You've Got a Friend in Me" singer Newman
34%
There's a snake in my boot!
29%
N Friendly pelican in Finding Nemo Nigel
27%
A Massive spaceship humanity evacuated to in WALL-E Axiom
22%
I _____s of Personality Island
20%
No matching quizzes found
Score Distribution
Percent of People with Each Score
Percentile by Number Answered
Your Score History
You have not taken this quiz